Central Library OPAC University of Rajshahi

আধুনিক ভারতীয় গল্প / (Record no. 65162)

MARC details
000 -LEADER
fixed length control field 01037nam a2200265 a 4500
001 - CONTROL NUMBER
control field 65162
003 - CONTROL NUMBER IDENTIFIER
rucl marc code BD-RjUL
005 - DATE AND TIME OF LATEST TRANSACTION
control field 20211209081407.0
008 - FIXED-LENGTH DATA ELEMENTS--GENERAL INFORMATION
fixed length control field 191004s19881986bg ||||| |||| 00| 1 ben d
020 ## - INTERNATIONAL STANDARD BOOK NUMBER
Terms of availability : IRs. 35.00
035 ## - SYSTEM CONTROL NUMBER
System control number (BD-RjUL)65292
040 ## - CATALOGING SOURCE
Original cataloging agency BD-RjUL
Language of cataloging ben
Transcribing agency BD-RjUL
041 ## - LANGUAGE CODE
Language code of text/sound track or separate title ben
082 ## - DEWEY DECIMAL CLASSIFICATION NUMBER
Edition number 23
Classification number 891.443
Author mark and year ADH 1986
Author mark and year 1988
245 00 - TITLE STATEMENT
Title আধুনিক ভারতীয় গল্প /
Statement of responsibility, etc. মানবেন্দ্র বন্দ্যোপাধ্যায় , সম্পাদিত
260 ## - PUBLICATION, DISTRIBUTION, ETC. (IMPRINT)
Place of publication, distribution, etc. কলকাতা :
Name of publisher, distributor, etc. ভূর্জপত্র,
Date of publication, distribution, etc. ১৯৮৬
Date of publication, distribution, etc. ১৯৮৮
300 ## - PHYSICAL DESCRIPTION
Pagination খণ্ড ;
Size ২২ সেমি.
505 0# - FORMATTED CONTENTS NOTE
Formatted contents note খন্ড, ২ -- খন্ড, ৩ --
650 ## - SUBJECT ADDED ENTRY--TOPICAL TERM
Topical term or geographic name as entry element বাংলা উপন্যাস
9 (RLIN) 170454
Form subdivision সংগ্রহ
Topical term or geographic name as entry element Bengali Fiction
Form subdivision Collection
9 (RLIN) 192994
700 ## - ADDED ENTRY--PERSONAL NAME
Personal name বন্দ্যোপাধ্যায়, মানবেন্দ্র, সম্পাদক
942 ## - ADDED ENTRY ELEMENTS (KOHA)
Source of classification or shelving scheme Dewey Decimal Classification
Koha item type Books
Holdings
Lost status Source of classification or shelving scheme Damaged status Not for loan Permanent Location Current Location Shelving location Date acquired Source of acquisition Cost, normal purchase price Total Checkouts Full call number Date last seen Copy number Koha item type Collection code
  Dewey Decimal Classification   Not For Loan Central Library, University of Rajshahi Central Library, University of Rajshahi Reading Room 19/05/1990 Uttor bongo Library, Rajshahi 105.00   B 891.443 ADH V-3 1988 28/02/2017 C-1 Books  
  Dewey Decimal Classification     Central Library, University of Rajshahi Central Library, University of Rajshahi   19/05/1990 Uttar bango library 90.00   B 891.443 ADH V-2 1986 10/10/2019 C-2 Books Fiction